000 00549nam a22001817a 4500
005 20251108165514.0
008 250721s1992 xx 000 0 ara d
082 1 4 _aم/811.3/حسا
100 1 _aالأنصاري، حسان بن ثابت
245 1 0 _aديوان حسان بن ثابت الأنصاري /
264 1 _aبيروت :
_bدار الجيل،
_c1992.
300 _a442ص
650 1 7 _aالشعر العربي
650 1 7 _aالعصر الإسلامي
700 1 _aعيد، يوسف
_eشرح
942 _2ddc
_cREF
999 _c29522
_d29522